1688 1208 1146 1167 1964 1102 1167 1919 1903 1641 1918 1429 1748 1287 1393 1631 1781 1117 1748 1230 1481 1169 1777 1103 1597 1862 1618 1991 1381 1349 1554 1856 1820 1261 1258 1279 1824 1389 1537 1281 1235 1648 1432 1219 1917 1589 1550 1805 1419 1939 1557 1417 1666 1983 1298 1336 1405 1386 1623 1652 1175 1010 1686 1095 1881 1782 1250 1820 1005 1118 1065 1836 1439 1309 1829 1601 1201 1729 1426 1993 1858 1745 1974 1024 1367 1282 1598 1905 1340 1097 1174 1172 1310 1263 1727 1043 1029 1693 1354 BCNSPRNW ULIB Ver.6.0+V

เปลี่ยนเป็นภาษาไทย

Change to English
 แสดงรายละเอียดบรรณานุกรม
  กลับหน้าหลัก

Brief Record : Get Marc (ISO 2709) : E-mail record : QR code < ปิดหน้าต่าง
LEADER : 00000nam 2200000uu 4500
001    13399123341
003     ULIB
008    140825s2547||||th 000 0 tha d
099    วจ WM270^bป444ร
100 0  ปราชญ์ บุณยวงศ์วิโรจน์ และคนอื่นๆ
245 00 การศึกษาปัจจัยทางจิตสังคมและจิตลักษณะกับพฤติกรรมการใช้สารเสพติดของนักเรียนอาชีวศึกษา จังหวัดอุดรธานี/^cปราชญ์ บุณยวงศ์วิโรจน์ และคนอื่นๆ
260    นนทบุรี :^bกรมสุขภาพจิต กระทรวงสาธารณสุข,^c2547
300    165 หน้า
650  0 ปัจจัยทางจิตสังคม
650  0 จิตลักษณะ
650  0 พฤติกรรมการใช้สารเสพติด
945    ^p0^l0^i023542
999    ^aเกษร โพธิ์สุวรรณ
รายการนี้ยังไม่มีแท็ก
คุณยังไม่ได้ล็อกอิน คุณสามารถมีกิจกรรมร่วมกับเว็บไซต์ได้ แต่ต้องล็อกอินก่อน ::
  ล็อกอิน

รายการสื่อสารสนเทศ

ลำดับที่ ประเภท เลขเรียก/บาร์โค้ด สถานที่ สถานะ
1. งานวิจัย
งานวิจัย
วจ WM270 ป444ร ฉ.1 
  Barcode: 023542
ห้องสมุดวิทยาเขตสวรรค์ประชารักษ์
►วิจัย
บนชั้น

รายการใกล้เคียง
    หัวเรื่อง [จิตลักษณะ]

BibComment


ยังไม่เคยถูกคอมเมนท์

คอมเมนท์ทรัพยากรรายการนี้
  คอมเมนท์: การศึกษาปัจจัยทาง..


 Copyright 2026. Bcnsprnw @Library